Romney or Rodman? Quiz Stats

 Plays Quiz not verified by Sporcle

Challenge
Share
Tweet
Embed
Score 0/20 Timer 03:00
0 Plays Today
Quote (M)itt Romney or (D)ennis Rodman? % Correct
I spent my whole childhood looking for an escape.???
82.8%
I don't trust what this life has given me.???
79.3%
You can love me or you can hate me.???
79.3%
When a high-profile personality lives like I do, everybody thinks that person is fated to die young.???
78.2%
I'll be the judge of my own manliness.???
77%
There's one thing everyone should understand: I like my character.???
77%
Education is the investment our generation makes in the future.???
74.7%
Men and women of every faith and good people with none at all sincerely strive to do right and lead a purpose-driven life.???
72.4%
Black culture is something I don't relate to much at all.???
70.1%
Leadership, leadership is about taking responsibility, not making excuses.???
69%
Quote (M)itt Romney or (D)ennis Rodman? % Correct
Moral certainty, clear standards, and a commitment to spiritual ideals will set you apart in a world that searches for meaning.???
66.7%
If you have a problem with my answer that's your problem, not my problem.???
66.7%
Why should I try to make you believe the things I believe in????
66.7%
My dad had been born in Mexico and his family had to leave during the Mexican revolution.???
65.5%
It's time for the party of big ideas, not the party of Big Brother!???
65.5%
I’m not a big-game hunter. I’ve made that very clear. I’ve always been a rodent and rabbit hunter. Small varmints, if you will.???
65.5%
With me, everything's right on the table.???
58.6%
When it comes to pinning blame, pin the tail on the donkeys.???
56.3%
What you believe, what you value, how you live, matters.???
54%
I feel very deeply about the need to respect and tolerate people of different social or sexual orientation.???
51.7%

You're not logged in!

Compare scores with friends on all Sporcle quizzes.
Join for Free
OR
Log In

You Might Also Like...

Show Comments

Extras

Top Quizzes Today


Score Distribution

Your Account Isn't Verified!

In order to create a playlist on Sporcle, you need to verify the email address you used during registration. Go to your Sporcle Settings to finish the process.

Report this User

Report this user for behavior that violates our Community Guidelines.

Details: